| 000 | 00527nam a22001817a 4500 | ||
|---|---|---|---|
| 999 |
_c10973 _d10973 |
||
| 003 | AR-CdUCM | ||
| 008 | 190402b ||||| |||| 00| 0 spa d | ||
| 040 |
_aMUNICIPALIDAD PROVINCIAL DEL CUSCO _cBIBLIOTECA MUNICIPAL DEL CUSCO |
||
| 082 |
_aEP / 813 / _bA16 |
||
| 245 | _aAbukir y Abusir / | ||
| 260 | _bEdit.Codex, | ||
| 300 |
_a128 paginas ; _bIlustraciones, _c30 cm. |
||
| 505 | _aContenido : Cuento infantil / | ||
| 650 |
_aEducación primaria _91561 |
||
| 650 |
_aCuento _94671 |
||
| 942 |
_2ddc _cLIBROS |
||
| 945 | _arjall | ||